[Event "EU-ch Internet final"]
[Site "Playchess.com INT"]
[Date "2004.11.07"]
[Round "1.2"]
[White "Psakhis, Lev"]
[Black "Dreev, Alexey"]
[Result "1-0"]
[WhiteElo "2545"]
[BlackElo "2690"]
[PlyCount "79"]
[EventDate "2004.11.07"]
[EventType "k.o. (blitz)"]
[EventRounds "4"]
[EventCountry "GER"]
[SourceTitle "EXT 2005"]
[Source "ChessBase"]
[SourceDate "2004.11.15"]
[SourceVersion "1"]
[SourceVersionDate "2004.11.15"]
[SourceQuality "1"]

1. Nf3 d5 2. g3 c6 3. Bg2 Bf5 4. O-O e6 5. d3 Nf6 6. b3 a5 ({RR} 6... Be7 7. Bb2 O-O 8. Nbd2 a5 9. a3 h6 10. e3 c5 11. a4 Nc6 12. Ne5 Nb4 13. f4 Bh7 14. Kh1 Qc7 15. Nb1 Ne8 16. Na3 Nd6 17. Qg4 Bf6 18. Qe2 Rad8 19. Rad1 Qb6 20. e4 Rfe8 21. Ba1 {Wahono,A (2379)-Dreev,A (2711) Jakarta 2011 0-1 (41)}) ({RR} 6... Nbd7 7. Bb2 Bg6 8. Nbd2 Bc5 9. a3 O-O 10. Nh4 Bh5 11. h3 Ne8 12. b4 Bb6 13. c4 a5 14. Nhf3 axb4 15. axb4 Nef6 16. Rxa8 Qxa8 17. Qc2 Qb8 18. Rb1 Bc7 19. Nf1 Re8 20. b5 Qc8 21. Qa4 {Vila Dupla,A (2056)-Kassay,L (2056) chess.com INT 2025 0-1 (38)}) 7. a3 a4 $146 ({RR} 7... h6 8. Bb2 Nbd7 9. Nbd2 Bh7 10. c4 Be7 11. cxd5 exd5 12. Rc1 O-O 13. Rc2 Re8 14. Qa1 Bf8 15. Re1 Qb6 16. Bd4 Qa6 17. Bf1 b5 18. a4 c5 19. axb5 Qxb5 20. Bxf6 Nxf6 21. Ra2 Qb6 22. Qc3 {Ersahin,B (2179)-Oney,A (2112) Konya 2018 1-0 (48)}) 8. b4 c5 9. b5 Nbd7 10. c4 Nb6 11. Nbd2 Be7 12. Qe1 h6 13. e4 Bh7 14. Bb2 O-O 15. Qe2 Re8 16. Rad1 Nfd7 17. e5 Qc7 18. Rfe1 Rad8 19. Nf1 Nf8 20. Ne3 Rd7 21. cxd5 Nxd5 22. Nc4 b6 23. Nfd2 Ng6 24. Ne4 Red8 25. Qc2 Qa7 26. f4 Bf8 27. Qf2 Nge7 28. g4 Ng6 29. Bc1 Be7 30. Rf1 Nh4 31. Bh1 Bxe4 32. dxe4 Nc3 33. Rde1 Nxb5 34. g5 Ng6 35. gxh6 Bh4 36. Qg2 Bxe1 37. f5 Bc3 38. fxg6 Bd4+ 39. Ne3 fxg6 40. Qxg6 $138 1-0

[Event "EU-ch Internet final"]
[Site "Playchess.com INT"]
[Date "2004.11.07"]
[Round "1.4"]
[White "Bischoff, Klaus"]
[Black "Kobalia, Mihail"]
[Result "1-0"]
[WhiteElo "2559"]
[BlackElo "2618"]
[PlyCount "53"]
[EventDate "2004.11.07"]
[EventType "k.o. (blitz)"]
[EventRounds "4"]
[EventCountry "GER"]
[SourceTitle "EXT 2005"]
[Source "ChessBase"]
[SourceDate "2004.11.15"]
[SourceVersion "1"]
[SourceVersionDate "2004.11.15"]
[SourceQuality "1"]

1. b3 d5 2. e3 Bf5 3. Bb2 e6 4. Nf3 Nf6 5. d3 Bd6 ({RR} 5... h6 6. Nbd2 Bh7 7. a3 c5 8. c4 Nbd7 9. Be2 Bd6 10. O-O O-O 11. d4 Rc8 12. cxd5 Nxd5 13. Rc1 Re8 14. Nc4 Bf8 15. dxc5 Rxc5 16. b4 Rc7 17. Qb3 Qa8 18. Nfe5 N7f6 19. Nd3 Rcc8 20. Rfd1 {Bischoff,K (2556)-Dorfman,J (2600) Germany 2000 ½-½ (40)}) 6. Nbd2 O-O 7. Be2 Nbd7 8. a3 $146 ({RR} 8. Nh4 Re8 9. Nxf5 exf5 10. O-O c6 11. Nf3 Qc7 12. c4 dxc4 13. bxc4 Ne5 14. Bxe5 Bxe5 15. Rb1 Bd6 16. Qb3 b6 17. h3 Rad8 18. Nd4 f4 19. e4 Bc5 20. Nf3 Qd7 21. Rfe1 Bd4 22. a4 Rb8 {Graudons,K (1999)-Wendland,F (1736) Berlin 2008 1-0 (67)}) ({RR} 8. O-O e5 9. c4 c6 10. cxd5 cxd5 11. d4 e4 12. Ne5 Qe7 13. Nxd7 Qxd7 14. Rc1 Rac8 15. Rxc8 Rxc8 16. Qb1 g6 17. Rc1 h5 18. h4 Bg4 19. Bf1 Bf5 20. Rc2 Ng4 21. Be2 Bh2+ 22. Kh1 Bd6 {Srihari,L (2404)-Bintang,R (1820) Chess.com INT 2022 1-0 (51)}) ({RR} 8. O-O c5 9. c4 a6 10. Nh4 Bxh2+ 11. Kxh2 Ng4+ 12. Bxg4 Qxh4+ 13. Bh3 g5 14. g4 Bxd3 15. Nf3 Qh6 16. Qxd3 f5 17. Kg2 d4 18. Rh1 Nf6 19. Ne5 dxe3 20. Qxe3 f4 21. Qxc5 Rac8 22. Qe7 Rce8 {Ming,W (1678)-Zhao,Y (1789) Vancouver 2012 1-0 (36)}) 8... e5 9. h3 Re8 10. g4 Bg6 11. Nh4 Nc5 12. g5 Nfd7 13. Nxg6 fxg6 14. h4 Qe7 15. Bg4 a5 16. Qe2 b5 17. Qf1 d4 18. Qh3 e4 19. Bxd7 dxe3 20. fxe3 exd3 21. Bxe8 dxc2 22. Bxb5 Rf8 23. Bc4+ Kh8 24. Rf1 Bf4 25. Rf3 Ne4 26. Nxe4 Qxe4 27. Rxf4 1-0

[Event "Wch U20 43rd"]
[Site "Cochin"]
[Date "2004.11.22"]
[Round "6"]
[White "Petrosian, Tigran L"]
[Black "Drozdovskij, Yuri"]
[Result "1-0"]
[WhiteElo "2539"]
[BlackElo "2510"]
[PlyCount "69"]
[EventDate "2004.11.20"]
[EventType "swiss"]
[EventRounds "13"]
[EventCountry "IND"]
[SourceTitle "CBM 103 Extra"]
[Source "ChessBase"]
[SourceDate "2005.01.01"]
[SourceVersion "1"]
[SourceVersionDate "2005.01.01"]
[SourceQuality "1"]

1. e4 e6 2. d3 d5 3. Nd2 Nf6 4. Ngf3 Nc6 5. Qe2 Be7 6. g3 O-O 7. Bg2 e5 8. O-O dxe4 9. dxe4 Be6 10. c3 Nd7 11. Nc4 a5 ({RR} 11... f6 12. Ne3 Nb6 13. Rd1 Qe8 14. Nd5 Qf7 15. Nxc7 Bc4 16. Qc2 Rad8 17. Nd2 Bd3 18. Qb3 Nc4 19. Nxc4 Bxc4 20. Qc2 Rxd1+ 21. Qxd1 Rd8 22. Nd5 f5 23. Nxe7+ Qxe7 24. Qe1 f4 25. gxf4 Qf7 26. b3 {Aronyak,G (2525)-Subhayan,K (2356) Bengaluru IND 2025 1-0}) 12. Rd1 f6 13. Ne3 $146 ({RR} 13. Nh4 g6 14. Ne3 Bc5 15. Nd5 Rf7 16. Bf3 Ne7 17. Ne3 Qc8 18. Bg4 Nb6 19. Bxe6 Qxe6 20. Ng4 Kh8 21. Be3 Bxe3 22. Nxe3 Rff8 23. c4 Rad8 24. Nd5 Rd7 25. b3 Rfd8 26. Nxc7 Qc6 27. Nd5 Nbxd5 {Kovalev,V (2582)-Paravyan,D (2599) chess.com INT 2023 1-0 (39)}) ({RR} 13. Nh4 g6 14. Bh6 Re8 15. Ne3 Qc8 16. Nef5 Bf8 17. Qg4 Bf7 18. Bxf8 Kxf8 19. Nh6 Nb6 20. Qf3 Kg7 21. Ng4 Qe6 22. Bh3 Qe7 23. Ne3 Kh8 24. Nd5 Bxd5 25. exd5 Nd8 26. Qe3 Nf7 27. Be6 Nd6 {Gubajdullin,A (2238)-Zou,C (2449) chess.com INT 2024 0-1 (58)}) 13... Qc8 14. Nd5 Bd8 15. Nd2 Rf7 16. b3 Ne7 17. Ba3 c6 18. Nc4 cxd5 19. exd5 Nxd5 20. Rxd5 Nb6 21. Nxb6 Bxb6 22. Rd6 Bc7 23. Bxb7 Qxb7 24. Rxe6 Qd5 25. Qa6 a4 26. c4 Qd8 27. Qc6 axb3 28. axb3 Rd7 29. Kg2 Rb8 30. Bc5 Rxb3 31. Ra8 Rb8 32. Rxb8 Bxb8 33. Bb6 Bc7 34. Bxc7 Qxc7 35. Qa8+ 1-0

[Event "Wch U20 43rd"]
[Site "Cochin"]
[Date "2004.11.23"]
[Round "7"]
[White "Petrosian, Tigran L"]
[Black "Alekseev, Evgeny V"]
[Result "1-0"]
[WhiteElo "2539"]
[BlackElo "2604"]
[PlyCount "125"]
[EventDate "2004.11.20"]
[EventType "swiss"]
[EventRounds "13"]
[EventCountry "IND"]
[SourceTitle "CBM 103 Extra"]
[Source "ChessBase"]
[SourceDate "2005.01.01"]
[SourceVersion "1"]
[SourceVersionDate "2005.01.01"]
[SourceQuality "1"]

1. Nf3 c5 2. g3 Nc6 3. d4 cxd4 4. Nxd4 g6 5. Bg2 Bg7 6. Nb3 d6 7. Nc3 Nf6 8. O-O O-O 9. h3 Be6 10. e4 a5 ({RR} 10... Nd7 11. Nd5 b5 12. Qe2 Rb8 13. c3 b4 14. cxb4 Nxb4 15. Be3 Ne5 16. Rfd1 a5 17. Nd4 Qd7 18. Nb6 Qd8 19. Nxe6 fxe6 20. Na4 Qd7 21. b3 Qb5 22. Qxb5 Rxb5 23. Bd4 Nc2 24. Bxe5 Bxe5 25. Rac1 {Granda Zuniga,J (2620)-Lautier,J (2630) Wijk aan Zee 1997 1-0 (88)}) 11. a4 Rc8 ({RR} 11... Nb4 12. Nd5 Nfxd5 13. exd5 Bf5 14. c3 Bc2 15. Qd2 Bxb3 16. cxb4 axb4 17. Qxb4 Bc2 18. Bg5 Qd7 19. a5 Rfc8 20. Rfc1 Bd3 21. Kh2 Kf8 22. Qd2 Ba6 23. Bh6 Bxh6 24. Qxh6+ Kg8 25. Qe3 Kf8 26. Ra3 {Kiseljova,M (2031)-Todorovic,B (2130) chess.com INT 2025 1-0}) 12. Nd5 Ne5 $146 ({RR} 12... Nb4 13. c3 Na6 14. Bg5 Nc5 15. Re1 h6 16. Be3 Kh7 17. Nxc5 dxc5 18. Qe2 Bd7 19. Red1 e6 20. Nxf6+ Bxf6 21. Qd2 Bc6 22. Bxc5 Qxd2 23. Rxd2 Rfd8 24. Rxd8 Rxd8 25. Be3 h5 26. f3 h4 27. g4 {Hjartarson,J (2420)-Huergo,J Mexico 1981 1-0 (41)}) 13. Nd4 Bd7 14. Re1 Re8 15. c3 e6 16. Ne3 Qb6 17. Qe2 Red8 18. f4 Nc6 19. Nb5 Na7 20. Nxd6 Qxd6 21. e5 Qc7 22. exf6 Bxf6 23. Ng4 Bg7 24. Be3 b6 25. Qf2 Rb8 26. Bd4 Nc6 27. Bf6 Bxf6 28. Nxf6+ Kg7 29. Ne4 Bc8 30. g4 Bb7 31. f5 exf5 32. gxf5 Ne5 33. f6+ Kg8 34. Qh4 Bxe4 35. Rxe4 Qc5+ 36. Kh1 Nd3 37. Rf1 h5 38. Qg3 Rbc8 39. Re7 Rd6 40. Rf5 Qxf5 41. Qxd6 Rf8 42. Rd7 Nf2+ 43. Kh2 Re8 44. Rxf7 Ne4 45. Rg7+ Kh8 46. Bxe4 Qxe4 47. Re7 Qc2+ 48. Kg3 h4+ 49. Kf3 Qf5+ 50. Ke2 Rf8 51. Rh7+ Kxh7 52. Qxf8 Qe4+ 53. Kd2 Qd5+ 54. Kc1 Qh1+ 55. Kc2 Qe4+ 56. Kb3 Qd5+ 57. Ka3 Qc5+ 58. Qxc5 bxc5 59. b4 cxb4+ 60. cxb4 axb4+ 61. Kxb4 g5 62. f7 Kg7 63. f8=Q+ 1-0

[Event "RUS Fed Internet Cup Final 5'"]
[Site "chessassistantclub.com INT"]
[Date "2004.12.28"]
[Round "12"]
[White "Bareev, Evgeny"]
[Black "Aleksandrov, Aleksej"]
[Result "1-0"]
[WhiteElo "2715"]
[BlackElo "2659"]
[PlyCount "67"]
[EventDate "2004.12.28"]
[EventType "tourn (blitz)"]
[EventRounds "19"]
[EventCountry "RUS"]
[EventCategory "15"]
[SourceTitle "CBM 104 Extra"]
[Source "ChessBase"]
[SourceDate "2005.03.01"]
[SourceVersion "1"]
[SourceVersionDate "2005.03.01"]
[SourceQuality "1"]

1. g3 e5 2. Bg2 d5 3. d3 Nf6 4. c4 d4 5. Nf3 Nc6 6. O-O Be7 7. b4 a6 8. b5 axb5 9. cxb5 Na7 10. Nxe5 Nxb5 11. Nxf7 Kxf7 12. Qb3+ Be6 13. Qxb5 Rxa2 14. Rxa2 Bxa2 15. Qxb7 Qb8 16. Qxb8 $146 ({RR} 16. Nd2 Qxb7 17. Bxb7 Rb8 18. Ba6 Nd5 19. Bc4 Bxc4 20. Nxc4 Nc3 21. Re1 Rb3 22. Kf1 Bf6 23. Bd2 Ke6 24. Ra1 Nd5 25. Ke1 Nb6 26. Rc1 Nxc4 27. Rxc4 Rb1+ 28. Bc1 Be5 29. Kd1 Kd5 30. Kc2 Rb6 {Nei,I-Arulaid,A Estonia 1962 1-0 (32)}) 16... Rxb8 17. Nd2 Nd5 18. Nf3 Nc3 19. Re1 Rb1 20. Kf1 c5 21. Bd2 Bf6 22. Ng5+ Bxg5 23. Bxg5 c4 24. Rxb1 Nxb1 25. Bd5+ Kg6 26. h4 Kf5 27. Bxc4 Bxc4 28. dxc4 h6 29. Bc1 Ke4 30. f3+ Ke5 31. h5 Kd6 32. Bf4+ Ke6 33. c5 Kd5 34. Bd6 1-0

[Event "RUS Fed Internet Cup Final 5'"]
[Site "chessassistantclub.com INT"]
[Date "2004.12.28"]
[Round "12"]
[White "Van Wely, Loek"]
[Black "Bologan, Viktor"]
[Result "1-0"]
[WhiteElo "2681"]
[BlackElo "2669"]
[PlyCount "173"]
[EventDate "2004.12.28"]
[EventType "tourn (blitz)"]
[EventRounds "19"]
[EventCountry "RUS"]
[EventCategory "15"]
[SourceTitle "CBM 104 Extra"]
[Source "ChessBase"]
[SourceDate "2005.03.01"]
[SourceVersion "1"]
[SourceVersionDate "2005.03.01"]
[SourceQuality "1"]

1. Nf3 c5 2. g3 Nc6 3. Bg2 g6 4. O-O Bg7 5. e4 d6 6. c3 Nf6 7. Re1 O-O 8. h3 e5 9. d3 d5 ({RR} 9... h6 10. a3 d5 11. Nbd2 Re8 12. b4 dxe4 13. dxe4 Be6 14. Qe2 Nd7 15. Nc4 Nb6 16. Nxb6 axb6 17. Be3 Qe7 18. Nd2 Nd4 19. Qd1 Red8 20. Qb1 cxb4 21. cxd4 exd4 22. Bf4 g5 23. Qxb4 Qxb4 24. axb4 {Amin,B (2666)-Mareco,S (2645) Chess.com INT 2017 ½-½ (73)}) 10. exd5 Nxd5 11. Nbd2 Re8 ({RR} 11... b6 12. a4 Bb7 13. Nc4 Re8 14. Bg5 f6 15. Bd2 Qd7 16. Qb3 Rad8 17. Rad1 Kh8 18. Bc1 Ba6 19. h4 Nc7 20. h5 Qf7 21. hxg6 hxg6 22. Ng5 fxg5 23. Bxc6 Rf8 24. Qc2 Qf5 25. Be4 Qf6 26. Be3 {Frank,A (2383)-Torosyan,V (2244) chess.com INT 2024 0-1 (57)}) 12. Nc4 $146 ({RR} 12. a4 Rb8 13. Nc4 f6 14. Nfd2 Be6 15. Ne4 Bf8 16. f4 exf4 17. Ned6 Bxd6 18. Rxe6 Be7 19. Bxf4 Nxf4 20. gxf4 Bf8 21. Qe2 Qd7 22. Re1 Rxe6 23. Qxe6+ Qxe6 24. Rxe6 Nd8 25. Re2 Kg7 26. Re8 Kf7 {Kahn,E (2236)-Frolov,A (2393) Budapest 2018 ½-½}) 12... f6 13. Qb3 Kh8 14. Ncxe5 Nxe5 15. Nxe5 Be6 16. Nc4 Qd7 17. Kh2 Rad8 18. a4 b6 19. Be3 f5 20. Bg5 Rc8 21. Rad1 h6 22. Bc1 g5 23. Qb5 Qd8 24. Ne5 Bg8 25. Nc4 Rxe1 26. Rxe1 Nc7 27. Qc6 Nd5 28. Qb5 f4 29. Ne5 fxg3+ 30. fxg3 Qd6 31. d4 cxd4 32. cxd4 Rc2 33. Qe8 Kh7 34. Kh1 Rxg2 35. Kxg2 Nf6 36. Qb5 Bd5+ 37. Kh2 Bb7 38. Qd3+ Kg8 39. Be3 Qd5 40. Qe2 Ne4 41. Qc4 Nd6 42. Qxd5+ Bxd5 43. Rc1 Nf5 44. Bf2 Nd6 45. Rc7 Ne4 46. Rd7 Be6 47. Re7 Bb3 48. Be3 Nf6 49. Rxa7 Nd5 50. Bd2 Bf8 51. Ng4 h5 52. Ne5 g4 53. hxg4 hxg4 54. Bg5 Nb4 55. Nxg4 Bg7 56. Nf6+ Bxf6 57. Bxf6 Nd5 58. Be5 Bc4 59. Rg7+ Kf8 60. Rd7 Bb3 61. g4 Ke8 62. Ra7 Ne3 63. Kg3 Nc4 64. g5 Kf8 65. g6 Nxb2 66. g7+ Kg8 67. Ra8+ Kh7 68. Rh8+ Kg6 69. g8=Q+ Bxg8 70. Rxg8+ Kf5 71. Rb8 Nxa4 72. Bc7 Ke4 73. Bxb6 Kd5 74. Bc5 Nc3 75. Kf4 Kc4 76. Ke5 Nd5 77. Rd8 Nc3 78. Kd6 Nb5+ 79. Kc6 Nc3 80. d5 Ne4 81. Bf8 Nf6 82. d6 Nd5 83. d7 Nf6 84. Be7 Nxd7 85. Rxd7 Kc3 86. Rd5 Kc4 87. Bd6 1-0

[Event "RUS Fed Internet Cup Final 5'"]
[Site "chessassistantclub.com INT"]
[Date "2004.12.28"]
[Round "18"]
[White "Azmaiparashvili, Zurab"]
[Black "Aleksandrov, Aleksej"]
[Result "1-0"]
[WhiteElo "2672"]
[BlackElo "2659"]
[PlyCount "63"]
[EventDate "2004.12.28"]
[EventType "tourn (blitz)"]
[EventRounds "19"]
[EventCountry "RUS"]
[EventCategory "15"]
[SourceTitle "CBM 104 Extra"]
[Source "ChessBase"]
[SourceDate "2005.03.01"]
[SourceVersion "1"]
[SourceVersionDate "2005.03.01"]
[SourceQuality "1"]

1. g3 d5 2. Bg2 g6 3. d3 Bg7 4. Nd2 Nf6 5. e4 Nc6 6. Ngf3 e5 7. O-O O-O 8. b3 Re8 9. Bb2 a5 10. a4 dxe4 ({RR} 10... d4 11. Nc4 h5 12. Bc1 Nh7 13. h4 Bg4 14. Qd2 f5 15. Ng5 Nxg5 16. Qxg5 Qxg5 17. Bxg5 fxe4 18. Bxe4 Nb4 19. Rac1 Bf5 20. Bxb7 Ra7 21. Be4 Bxe4 22. dxe4 c5 23. Bd2 Kh7 24. Bxb4 cxb4 25. Rcd1 {Huseynova,D (1923)-Magai,V (2492) Moscow RUS 2024 1-0 (49)}) 11. dxe4 b6 12. Nc4 $146 ({RR} 12. Re1 Ba6 13. Bf1 Bxf1 14. Kxf1 Qd7 15. Kg2 Rad8 16. Qe2 Nd4 17. Bxd4 exd4 18. Qd3 Qc6 19. Rad1 Qb7 20. e5 Nd7 21. e6 Rxe6 22. Rxe6 fxe6 23. Ne4 Nf6 24. Re1 Nxe4 25. Rxe4 Qd5 26. Kg1 c6 {Tempone,M (2450)-Sorin,A (2460) Buenos Aires 1997 0-1 (50)}) ({RR} 12. Re1 Ba6 13. Bf1 Bxf1 14. Kxf1 Qc8 15. Kg2 Qb7 16. Qe2 Rad8 17. Nc4 Nd4 18. Bxd4 exd4 19. e5 Bf8 20. Kg1 Bb4 21. Red1 Bc3 22. Rac1 Ne4 23. h4 h5 24. Ng5 Nxg5 25. hxg5 Qc8 26. Qe4 Qg4 {Fiorito,F (2470)-Ferraro,F (2245) Buenos Aires 1997 1-0 (42)}) 12... Ba6 13. Nfd2 Qe7 14. Re1 Rad8 15. Ne3 Nb4 16. Qc1 Bh6 17. Ndc4 Qe6 18. Nxe5 Bg7 19. f4 Bb7 20. N3c4 Nxe4 21. Bxe4 Bxe4 22. Rxe4 f6 23. c3 Nd5 24. Qe1 fxe5 25. Nxe5 Qd6 26. c4 Nf6 27. Re2 Qc5+ 28. Qf2 Qb4 29. Qf3 Rd2 30. Ba3 Rxe2 31. Bxb4 Re4 32. Bc3 1-0

[Event "Bermuda"]
[Site "Bermuda"]
[Date "2005.02.02"]
[Round "4"]
[White "Vescovi, Giovanni P"]
[Black "Volokitin, Andrei"]
[Result "1-0"]
[WhiteElo "2645"]
[BlackElo "2685"]
[PlyCount "87"]
[EventDate "2005.01.30"]
[EventType "tourn"]
[EventRounds "10"]
[EventCountry "BER"]
[EventCategory "17"]
[SourceTitle "CBM 106"]
[Source "ChessBase"]
[SourceDate "2005.06.06"]
[SourceVersion "1"]
[SourceVersionDate "2005.06.06"]
[SourceQuality "1"]

1. e4 c5 2. Nf3 e6 3. d3 Nc6 4. g3 Nge7 5. c3 g6 6. Bg2 Bg7 7. O-O O-O 8. d4 cxd4 9. cxd4 d5 10. e5 f6 11. Re1 Nf5 12. Nc3 Kh8 ({RR} 12... Qb6 13. Na4 Qc7 14. exf6 Bxf6 15. Bf4 Qd8 16. Be5 Bxe5 17. dxe5 Bd7 18. Nc5 b6 19. Nd3 Rc8 20. Rc1 Qe7 21. Qd2 Nfd4 22. Nxd4 Nxd4 23. Nf4 Nf5 24. h4 Rc5 25. b4 Rcc8 26. a3 Bb5 27. Rxc8 {Brizzi,M (2114)-Herrera,S (1880) Buenos Aires ARG 2024 1-0 (36)}) 13. g4 Nh4 14. Nxh4 fxe5 15. Nxg6+ $146 ({RR} 15. Nf3 exd4 16. Bg5 Qb6 17. Na4 Qc7 18. Nd2 Qd6 19. Rc1 e5 20. Qb3 e4 21. Rc5 h6 22. Rxd5 Qb4 23. Bxe4 Qxb3 24. Nxb3 hxg5 25. h3 Be6 26. Rxg5 Bxb3 27. axb3 Rae8 28. Kf1 Ne5 29. Bxg6 Nxg6 {Bhat,V (2398)-Glek,I (2554) ICC INT 2000 0-1 (35)}) 15... hxg6 16. dxe5 Nxe5 17. Be3 Qf6 18. Bc5 Rf7 19. Re3 Qxf2+ 20. Kh1 Kg8 21. Nxd5 exd5 22. Qxd5 Bd7 23. Rxe5 Qxb2 24. Rf1 Qxg2+ 25. Kxg2 Bc6 26. Qxc6 bxc6 27. Rxf7 Bxe5 28. Re7 Bf4 29. Rxa7 Rxa7 30. Bxa7 Kf7 31. Bb6 Ke6 32. a4 Kd7 33. a5 Kc8 34. a6 Bd6 35. h3 Kb8 36. Kf3 Kc8 37. Be3 Kb8 38. Bf4 Bxf4 39. Kxf4 Ka7 40. h4 c5 41. h5 gxh5 42. gxh5 c4 43. h6 c3 44. Ke3 1-0

[Event "Moscow Aeroflot op-A"]
[Site "Moscow"]
[Date "2005.02.18"]
[Round "4"]
[White "Minasian, Artashes"]
[Black "Wojtaszek, Radoslaw"]
[Result "1-0"]
[WhiteElo "2586"]
[BlackElo "2553"]
[PlyCount "75"]
[EventDate "2005.02.15"]
[EventType "swiss"]
[EventRounds "9"]
[EventCountry "RUS"]
[SourceTitle "CBM 106"]
[Source "ChessBase"]
[SourceDate "2005.06.06"]
[SourceVersion "1"]
[SourceVersionDate "2005.06.06"]
[SourceQuality "1"]

1. g3 c5 2. Bg2 d5 3. c4 d4 4. Nf3 Nc6 5. O-O e5 6. d3 f6 7. e3 ({RR} 7. Na3 Be6 8. Nc2 Qd7 9. Re1 Nge7 10. a3 a5 11. b3 h5 12. Bd2 h4 13. b4 hxg3 14. fxg3 Bh3 15. Bh1 Qg4 16. b5 Nd8 17. e3 Qh5 18. exd4 cxd4 19. Qe2 Bg4 20. Qf2 Ne6 21. Nfxd4 Nc5 {Mammadov,Z (2417)-Martirosyan,H (2622) Chess.com INT 2021 0-1 (33)}) 7... Be6 ({RR} 7... Bd6 8. exd4 cxd4 9. Nh4 Nge7 10. a3 g5 11. Qh5+ Kd7 12. Nf3 Kc7 13. b4 Ng6 14. Nbd2 Qg8 15. Ne4 Be7 16. Bd2 Bf5 17. b5 Bxe4 18. dxe4 Nd8 19. Bb4 Ne6 20. Bxe7 Nxe7 21. Bh3 Nc5 22. Nd2 {Welling,G (2195)-Grigoryan,K (2554) Prague CZE 2025 0-1 (36)}) 8. exd4 cxd4 9. Na3 Nge7 $146 ({RR} 9... Qd7 10. Nc2 Bc5 11. a3 a5 12. Rb1 Nge7 13. b4 axb4 14. axb4 Bd6 15. c5 Bb8 16. Bd2 O-O 17. b5 Nd8 18. Bb4 Re8 19. Na3 Nd5 20. Nc4 Qxb5 21. Nb6 Nxb6 22. cxb6 Qxb6 23. Nd2 Qa6 24. Nb3 {Ruiz Quevedo,A (1916)-De Sousa da Silva,A (2014) Madrid 2012 ½-½ (39)}) 10. Nc2 a5 11. a3 Nf5 12. Re1 Qd7 13. b3 Bd6 14. Bd2 O-O 15. b4 Nfe7 16. Qe2 Bc7 17. Reb1 Bf7 18. bxa5 Bxa5 19. Bxa5 Rxa5 20. Rb2 Nd8 21. Nd2 Nec6 22. Nb3 Ra7 23. Nc5 Qc7 24. Rab1 Na5 25. Ne4 Nac6 26. Rb5 Ne6 27. Qe1 Qe7 28. Nb4 Rxa3 29. Nd5 Qd8 30. Rxb7 f5 31. Rd7 Qa5 32. Qxa5 Rxa5 33. Nd6 e4 34. dxe4 fxe4 35. Nxf7 Rxf7 36. Rd6 Ncd8 37. Bh3 Ra2 38. Rxe6 1-0

[Event "Moscow Aeroflot op-A"]
[Site "Moscow"]
[Date "2005.02.19"]
[Round "5"]
[White "Markowski, Tomasz"]
[Black "Romanishin, Oleg M"]
[Result "1-0"]
[WhiteElo "2570"]
[BlackElo "2558"]
[PlyCount "67"]
[EventDate "2005.02.15"]
[EventType "swiss"]
[EventRounds "9"]
[EventCountry "RUS"]
[SourceTitle "CBM 106"]
[Source "ChessBase"]
[SourceDate "2005.06.06"]
[SourceVersion "1"]
[SourceVersionDate "2005.06.06"]
[SourceQuality "1"]

1. g3 Nf6 2. Bg2 d5 3. Nf3 g6 4. c4 dxc4 5. Qa4+ Nbd7 6. O-O Bg7 7. Qxc4 Nb6 8. Qc2 O-O 9. d3 Nfd5 $146 ({RR} 9... c6 10. b3 Nfd5 11. Bb2 Bxb2 12. Qxb2 Qd6 13. Nbd2 Qf6 14. d4 Rd8 15. Rac1 Bg4 16. Ne5 Qe6 17. Ne4 Qc8 18. Nc5 Bh3 19. Bxh3 Qxh3 20. Nxb7 Rf8 21. e4 Nf6 22. f3 h5 23. Rxc6 Rab8 24. Nc5 {Hirsch,S (2240)-Kuerten,H Ruhrgebiet 1997 1-0 (45)}) 10. a3 e5 11. Nbd2 a5 12. Ne4 h6 13. Bd2 a4 14. Rac1 c6 15. Nc5 Nc7 16. e3 Ne6 17. Bb4 Nxc5 18. Bxc5 Re8 19. d4 exd4 20. Nxd4 Nd7 21. Bb4 Bxd4 22. exd4 Nf6 23. Qd2 h5 24. Qh6 Be6 25. Rfe1 Nd5 26. Bc5 b6 27. Bf8 Rxf8 28. Rxe6 Ne7 29. Re5 Ra7 30. Rd1 Rd7 31. Be4 f5 32. Bxc6 Ra7 33. Bb5 Qc8 34. Rc1 1-0

[Event "SUI-chT"]
[Site "Switzerland"]
[Date "2005.05.22"]
[Round "4.1"]
[White "Hickl, Joerg"]
[Black "Kortschnoj, Viktor Lvovich"]
[Result "1-0"]
[WhiteElo "2589"]
[BlackElo "2617"]
[PlyCount "97"]
[EventDate "2005.02.27"]
[EventType "team-tourn"]
[EventRounds "9"]
[EventCountry "SUI"]
[SourceTitle "EXT 2006"]
[Source "ChessBase"]
[SourceDate "2005.11.24"]
[SourceVersion "1"]
[SourceVersionDate "2005.11.24"]
[SourceQuality "1"]
[WhiteTeam "Riehen"]
[BlackTeam "Zuerich"]
[WhiteTeamCountry "SUI"]
[BlackTeamCountry "SUI"]

1. g3 d5 2. Nf3 c5 3. Bg2 Nc6 4. O-O e5 5. c4 d4 6. d3 Bg4 ({RR} 6... f6 7. e3 Be6 8. exd4 cxd4 9. Na3 Nge7 10. Nc2 a5 11. a3 Nf5 12. Re1 Qd7 13. b3 Bd6 14. Bd2 O-O 15. b4 Nfe7 16. Qe2 Bc7 17. Reb1 Bf7 18. bxa5 Bxa5 19. Bxa5 Rxa5 20. Rb2 Nd8 21. Nd2 {Minasian,A (2586)-Wojtaszek,R (2553) Moscow 2005 1-0 (38)}) 7. e3 $146 ({RR} 7. h3 Bh5 8. Qa4 f6 9. b4 cxb4 10. a3 Qd7 11. Bd2 bxa3 12. Nxa3 Bxa3 13. Rxa3 Nge7 14. Rb3 O-O 15. Rfb1 Rab8 16. Bb4 Rfd8 17. g4 Be8 18. Ba3 Ng6 19. Bc1 b6 20. c5 bxc5 21. Rxb8 Nxb8 {Pelitov,D (2207)-Kozhuharov,S (2368) Plovdiv 2006 0-1 (42)}) ({RR} 7. h3 Be6 8. e3 dxe3 9. Bxe3 f6 10. Nc3 Qd7 11. Kh2 Bd6 12. Nd2 Nge7 13. Nde4 b6 14. Nxd6+ Qxd6 15. a3 Rd8 16. Qa4 Bd7 17. Rad1 O-O 18. Qc2 f5 19. f4 Nd4 20. Qf2 exf4 21. Bxf4 Qf6 {Miranda,R (2267)-Novak,R (2034) chess.com INT 2024 1-0 (37)}) ({RR} 7. a3 Qd7 8. Re1 Bd6 9. Nbd2 f5 10. Rb1 a5 11. Qa4 Ra6 12. Nf1 Nge7 13. e3 O-O 14. exd4 exd4 15. h3 Bxf3 16. Bxf3 f4 17. g4 Qc8 18. Qd1 Ne5 19. Re4 N7g6 20. Qe2 Bc7 21. Nh2 Nd7 {Slugin,A (2071)-Kuderin,D (2225) Tomsk 2008 1-0 (40)}) 7... dxe3 8. Bxe3 Nf6 9. Nc3 Be7 10. Qb3 O-O 11. h3 Bd7 12. Bg5 b6 13. Rfe1 h6 14. Bxf6 Bxf6 15. Nd5 g6 16. a3 Bg7 17. Rab1 Rc8 18. Nd2 h5 19. Nf3 Re8 20. Qd1 Be6 21. h4 Bh6 22. Qa4 Bg4 23. b4 cxb4 24. axb4 Qd6 25. Nh2 Bf5 26. Be4 Bd7 27. c5 bxc5 28. bxc5 Qe6 29. Rb7 Nb8 30. Rxd7 Nxd7 31. Qxd7 f5 32. Bg2 Qxd7 33. Nf6+ Kg7 34. Nxd7 e4 35. dxe4 Re7 36. Rd1 fxe4 37. Nf1 Rc7 38. Bh3 a5 39. Rd4 e3 40. fxe3 Bxe3+ 41. Nxe3 Rxe3 42. Kf2 Ra3 43. Be6 a4 44. Rf4 Rb7 45. Nb6 Re7 46. Bd5 Rc3 47. Nxa4 Rc2+ 48. Kf3 Ree2 49. c6 1-0